1203 1811 1096 1391 1628 1889 1858 1093 1944 1554 1967 1942 1568 1859 1818 1425 1672 1920 1673 1918 1377 1815 1119 1734 1186 1647 1027 1844 1089 1927 1945 1928 1588 1383 1158 1561 1106 1770 1284 1289 1791 1624 1525 1413 1170 1520 1691 1730 1295 1539 1412 1989 1476 1745 1261 1230 1970 1871 1322 1108 1623 1606 1076 1592 1448 1824 1231 1379 1571 1467 1158 1885 1552 1622 1038 1366 1358 1975 1309 1806 1697 1618 1442 1635 1122 1845 1801 1407 1483 1227 1759 1181 1567 1552 1723 1633 1987 1347 1249 BCNSPRNW ULIB Ver.6.0+V

เปลี่ยนเป็นภาษาไทย

Change to English
 แสดงรายละเอียดบรรณานุกรม
  กลับหน้าหลัก

Brief Record : Get Marc (ISO 2709) : E-mail record : QR code < ปิดหน้าต่าง
LEADER : 00000nam 2200000uu 4500
001    13399120982
003     ULIB
008    121029s2551||||th 000 0 tha d
020    ^a9746251228
040    ^acl
050  4 ^aHF574^bก781ก
100 0  ^aเกษกานดา สุภาพจน์
245 10 ^aการจัดสัมมนา /^cเกษกานดา สุภาพจน์
250    ^aพิมพ์ครั้งที่ 1
260    ^aกรุงเทพฯ :^bศูนย์ส่งเสริมวิชาการ,^c2551
300    ^a198, [2] : ^bภาพประกอบ ;^c26 ซม.
650  4 ^aการประชุม
945    ^p120^l0^i14889
995    ^aทศพร
999    ^aทศพร เกษรทอง
รายการนี้ยังไม่มีแท็ก
คุณยังไม่ได้ล็อกอิน คุณสามารถมีกิจกรรมร่วมกับเว็บไซต์ได้ แต่ต้องล็อกอินก่อน ::
  ล็อกอิน

รายการสื่อสารสนเทศ

ลำดับที่ ประเภท เลขเรียก/บาร์โค้ด สถานที่ สถานะ
1. วิทยาศาสตร์การแพทย์ และสุขภาพ
วิทยาศาสตร์การแพทย์ และสุขภาพ
HF574 ก781ก ฉ.1 
  Barcode: 14889
ห้องสมุดวิทยาเขตสวรรค์ประชารักษ์
►หนังสือทั่วไป
บนชั้น

รายการใกล้เคียง
    ผู้แต่ง [เกษกานดา สุภาพจน์]

    หัวเรื่อง [การประชุม]

BibComment


ยังไม่เคยถูกคอมเมนท์

คอมเมนท์ทรัพยากรรายการนี้
  คอมเมนท์: การจัดสัมมนา เก..


 Copyright 2026. Bcnsprnw @Library